Carregant...

Classical mechanics/

Dades bibliogràfiques
Autor principal: Aruldhas, G
Format: Printed Book
Idioma:English
Publicat: New Delhi, PHI : c2008.
Matèries:
LEADER 04033nam a22003497a 4500
003 OSt
008 120407t xxu||||| |||| 00| 0 eng d
999 |c 168864  |d 168864 
082 |a 531.076 
100 |a Aruldhas, G 
245 |a Classical mechanics/  |c by G Aruldhas. 
260 |a New Delhi,   |b PHI :  |c c2008. 
300 |a xii, 360 p :  |b ill. ;  |c 24 cm. 
650 |a Classical mechanics 
942 |c BK 
952 |0 0  |1 0  |4 0  |6 531_076000000000000_ARU_C  |7 0  |9 187011  |a PHY  |b PHY  |c ST1  |d 2017-01-30  |e Bookshop, Publication division  |g 227.15  |i 5489  |l 7  |m 2  |o 531.076 ARU/C  |p PHY5489  |q 2022-01-14  |r 2021-12-15  |s 2021-12-15  |v 295.00  |w 2018-08-08  |y BK 
952 |0 0  |1 0  |4 0  |6 531_076000000000000_ARU_C  |7 0  |9 187012  |a PHY  |b PHY  |c ST1  |d 2017-12-18  |e Bookshop, Publication division  |g 218.30  |i 5646  |l 3  |o 531.076 ARU/C  |p PHY5646  |q 2018-02-10  |r 2018-08-29  |s 2018-08-29  |v 295.00  |w 2018-08-08  |y BK 
952 |0 0  |1 0  |4 0  |6 531_076000000000000_ARU_C  |7 0  |9 187013  |a PHY  |b PHY  |c ST1  |d 2017-12-18  |e Bookshop, Publication division  |g 218.30  |i 5647  |l 7  |m 1  |o 531.076 ARU/C  |p PHY5647  |q 2022-01-08  |r 2021-12-09  |s 2021-12-09  |v 295.00  |w 2018-08-08  |y BK 
952 |0 0  |1 0  |4 0  |6 531_076000000000000_ARU_C  |7 0  |9 187014  |a PHY  |b PHY  |c ST1  |d 2017-12-18  |e Bookshop, Publication division  |g 218.30  |i 5648  |l 6  |m 5  |o 531.076 ARU/C  |p PHY5648  |q 2022-01-19  |r 2021-12-20  |s 2021-12-20  |v 295.00  |w 2018-08-08  |y BK 
952 |0 0  |1 0  |4 0  |6 531_076000000000000_ARU_C  |7 0  |9 187015  |a PHY  |b PHY  |c ST1  |d 2017-12-18  |e Bookshop, Publication division  |g 218.30  |i 5649  |l 6  |m 7  |o 531.076 ARU/C  |p PHY5649  |q 2022-01-22  |r 2020-11-06  |s 2020-11-06  |v 295.00  |w 2018-08-08  |y BK 
952 |0 0  |1 0  |4 0  |6 531_076000000000000_ARU_C  |7 0  |9 187016  |a PHY  |b PHY  |c ST1  |d 2017-12-18  |e Bookshop, Publication division  |g 218.30  |i 5650  |l 6  |m 4  |o 531.076 ARU/C  |p PHY5650  |q 2022-01-13  |r 2021-12-14  |s 2021-12-14  |v 295.00  |w 2018-08-08  |y BK 
952 |0 0  |1 0  |4 0  |6 531_076000000000000_ARU_C  |7 0  |9 187017  |a PHY  |b PHY  |c ST1  |d 2017-12-18  |e Bookshop, Publication division  |g 218.30  |i 5651  |l 7  |m 4  |o 531.076 ARU/C  |p PHY5651  |q 2020-04-10  |r 2020-03-11  |s 2020-03-11  |v 295.00  |w 2018-08-08  |y BK 
952 |0 0  |1 0  |2 ddc  |4 0  |6 531_000000000000000_ARU_C  |7 0  |9 187018  |a PHY  |b PHY  |c ST1  |d 2012-04-07  |i 4679  |l 14  |m 7  |o 531 ARU/C  |p PHY4679  |q 2022-01-15  |r 2021-12-16  |s 2021-12-16  |w 2012-04-07  |y BK 
952 |0 0  |1 0  |2 ddc  |4 0  |6 531_000000000000000_ARU_C  |7 0  |9 187019  |a PHY  |b PHY  |c ST1  |d 2012-04-10  |i 4826  |l 13  |m 3  |o 531 ARU/C  |p PHY4826  |q 2022-01-19  |r 2021-12-20  |s 2021-12-20  |w 2012-04-10  |y BK 
952 |0 0  |1 0  |2 ddc  |4 0  |6 531_000000000000000_ARU_C  |7 0  |9 187020  |a PHY  |b PHY  |c ST1  |d 2012-04-10  |i 4827  |l 14  |m 3  |o 531 ARU/C  |p PHY4827  |q 2022-01-15  |r 2021-12-16  |s 2021-12-16  |w 2012-04-10  |y BK 
952 |0 0  |1 0  |4 0  |6 531_076000000000000_ARU_C  |7 0  |9 187021  |a PHY  |b PHY  |c ST1  |d 2017-12-18  |e Bookshop, Publication Division  |g 295.00  |i 5652  |l 7  |m 4  |o 531.076 ARU/C  |p PHY5652  |q 2022-01-15  |r 2021-12-16  |s 2021-12-16  |v 295.00  |w 2018-01-10  |y BK 
952 |0 0  |1 0  |4 0  |6 531_076000000000000_ARU_C  |7 0  |9 187022  |a PHY  |b PHY  |c ST1  |d 2018-02-03  |e Bookshop, Publication division  |g 221.25  |i 5669  |l 6  |m 3  |o 531.076 ARU/C  |p PHY5669  |r 2021-12-24  |s 2021-12-09  |v 295.00  |w 2018-02-14  |y BK 
952 |0 0  |1 0  |2 ddc  |4 0  |6 531_076000000000000_ARU_C  |7 0  |9 401371  |a PHY  |b PHY  |c ST1  |d 2019-09-17  |e Bookshop, Publication division  |g 240.50  |i 6077  |l 2  |m 1  |o 531.076 ARU/C  |p PHY6077  |q 2022-01-13  |r 2021-12-14  |s 2021-12-14  |v 325.00  |w 2020-01-29  |y BK 
952 |0 0  |1 0  |2 ddc  |4 0  |6 531_076000000000000_ARU_C  |7 0  |9 401899  |a PHY  |b PHY  |c ST1  |d 2019-09-30  |e Bookshop, Publication division  |g 266.00  |i 6147  |l 3  |m 1  |o 531.076 ARU/C  |p PHY6147  |q 2022-01-08  |r 2021-12-09  |s 2021-12-09  |v 350.00  |w 2020-02-07  |y BK 
952 |0 0  |1 0  |2 ddc  |4 0  |6 531_076000000000000_ARU_C  |7 0  |9 401900  |a PHY  |b PHY  |c ST1  |d 2019-09-30  |e Bookshop, Publication division  |g 266.00  |i 6148  |l 2  |m 1  |o 531.076 ARU/C  |p PHY6148  |q 2022-01-09  |r 2021-12-10  |s 2021-12-10  |v 350.00  |y BK 
952 |0 0  |1 0  |2 ddc  |4 0  |6 531_076000000000000_ARU_C  |7 0  |9 401901  |a PHY  |b PHY  |c ST1  |d 2019-09-30  |e Bookshop, Publication division  |g 266.00  |i 6149  |l 2  |m 1  |o 531.076 ARU/C  |p PHY6149  |q 2022-01-06  |r 2021-12-07  |s 2021-12-07  |v 350.00  |y BK 
952 |0 0  |1 0  |2 ddc  |4 0  |6 531_076000000000000_ARU_C  |7 0  |9 401902  |a PHY  |b PHY  |c ST1  |d 2019-09-30  |e Bookshop, Publication division  |g 266.00  |i 6150  |l 2  |o 531.076 ARU/C  |p PHY6150  |q 2022-01-08  |r 2021-12-09  |s 2021-12-09  |v 350.00  |y BK